乗降客数ランキングTOP175(関西) - Statistics

General Stats
  • This quiz has been taken 338 times
  • The average score is 104 of 175
Answer Stats
順位 都道府県 駅名 乗降客数 % Correct
2 大阪府 大阪 734838
99%
3 京都府 京都 605996
99%
1 大阪府 梅田 1000917
96%
6 大阪府 新大阪 435887
96%
29 兵庫県 神戸 103098
96%
5 大阪府 天王寺 512631
95%
4 大阪府 難波 545972
93%
7 大阪府 京橋 392198
92%
8 兵庫県 三宮 374222
92%
9 大阪府 鶴橋 337427
89%
34 兵庫県 姫路 97078
89%
19 兵庫県 尼崎 139295
88%
46 兵庫県 西宮 82043
88%
24 大阪府 高槻 114970
87%
140 大阪府 35058
87%
11 兵庫県 三ノ宮 231870
86%
12 大阪府 新今宮 213592
85%
36 兵庫県 明石 93014
85%
42 大阪府 茨木 86856
85%
10 大阪府 淀屋橋 280859
82%
28 大阪府 西九条 105411
82%
26 京都府 山科 106189
81%
83 奈良県 近鉄奈良 49225
80%
13 大阪府 本町 200963
79%
59 大阪府 福島 64918
79%
67 兵庫県 西明石 59118
79%
148 奈良県 奈良 33820
79%
155 滋賀県 大津 33164
79%
44 兵庫県 宝塚 84162
78%
84 大阪府 天満 49126
78%
114 和歌山県 和歌山 40862
78%
32 兵庫県 新神戸 100914
77%
50 京都府 烏丸 74449
77%
68 大阪府 吹田 58497
77%
69 滋賀県 草津 58114
77%
52 兵庫県 芦屋 70619
76%
15 大阪府 心斎橋 169005
75%
37 兵庫県 西宮北口 92815
75%
61 大阪府 十三 64132
75%
79 大阪府 野田 51925
75%
118 奈良県 生駒 40172
74%
25 大阪府 弁天町 106629
73%
77 滋賀県 南草津 53720
73%
106 奈良県 大和西大寺 42850
73%
49 大阪府 森ノ宮 76534
72%
57 大阪府 大阪上本町 65644
72%
89 京都府 二条 46346
72%
51 大阪府 枚方市 70819
71%
55 兵庫県 伊丹 66421
71%
75 兵庫県 甲子園 53843
71%
78 大阪府 茨木市 52270
71%
107 兵庫県 加古川 42766
71%
17 大阪府 天下茶屋 140359
70%
20 大阪府 中百舌鳥 124104
70%
31 京都府 四条 101362
70%
47 大阪府 北新地 81108
70%
56 京都府 京都河原町 66194
70%
74 大阪府 高槻市 54273
70%
14 大阪府 大阪難波 183647
69%
22 大阪府 江坂 117552
69%
23 大阪府 千里中央 115909
69%
27 大阪府 西梅田 105581
69%
65 奈良県 王寺 61198
69%
70 大阪府 大正 57680
69%
21 大阪府 天満橋 122599
68%
40 大阪府 谷町四丁目 91038
68%
41 兵庫県 元町 90692
68%
129 京都府 38151
68%
116 大阪府 九条 40458
67%
147 大阪府 動物園前 33837
67%
159 京都府 三条 32953
67%
54 大阪府 谷町九丁目 67702
66%
117 兵庫県 兵庫 40176
66%
16 大阪府 東梅田 158392
65%
85 大阪府 中津 48328
65%
35 兵庫県 新長田 94518
64%
39 兵庫県 住吉 91375
64%
60 兵庫県 塚口 64169
64%
81 大阪府 天神橋筋六丁目 49749
64%
98 京都府 烏丸御池 44872
64%
130 大阪府 淡路 37305
64%
18 大阪府 大阪阿部野橋 140110
63%
53 大阪府 日本橋 69828
63%
30 大阪府 堺筋本町 102225
62%
73 大阪府 堺東 54459
62%
91 京都府 出町柳 46280
62%
108 大阪府 豊中 42199
62%
134 京都府 長岡京 36062
62%
143 大阪府 布施 34790
62%
38 大阪府 北浜 92266
61%
66 大阪府 西中島南方 59962
61%
173 兵庫県 30904
61%
90 大阪府 寝屋川市 46297
60%
131 奈良県 大和八木 37242
60%
99 大阪府 玉造 44706
59%
156 兵庫県 甲子園口 33130
59%
168 大阪府 放出 31766
59%
33 京都府 竹田 99030
58%
64 大阪府 ユニバーサルシティ 61230
58%
82 兵庫県 六甲道 49536
58%
104 大阪府 門真市 43487
58%
136 大阪府 塚本 35612
58%
45 大阪府 三国ヶ丘 82313
57%
110 滋賀県 石山 41368
57%
124 兵庫県 三田 39158
56%
125 京都府 丹波橋 39065
56%
135 大阪府 JR難波 35860
56%
88 京都府 祇園四条 46778
55%
160 大阪府 久宝寺 32766
54%
76 兵庫県 垂水 53728
53%
100 大阪府 近鉄日本橋 44540
53%
103 奈良県 学園前 44017
53%
150 滋賀県 守山 33714
53%
171 大阪府 寺田町 31362
53%
43 兵庫県 川西能勢口 84631
52%
62 大阪府 蛍池 62793
52%
120 大阪府 大国町 39965
52%
97 兵庫県 立花 44962
51%
165 大阪府 桃谷 32132
51%
115 大阪府 池田 40645
50%
146 滋賀県 近江八幡 33996
50%
71 兵庫県 今津 56856
49%
87 大阪府 大日 47282
49%
175 京都府 桂川 30380
49%
132 大阪府 摂津富田 36756
48%
48 大阪府 南森町 78522
47%
58 大阪府 南茨木 65389
47%
94 大阪府 阿波座 45178
47%
142 大阪府 34792
47%
166 兵庫県 川西池田 31986
47%
86 大阪府 樟葉 47388
46%
163 京都府 西大路 32356
46%
174 兵庫県 舞子 30848
46%
92 京都府 近鉄丹波橋 46266
45%
105 大阪府 長居 43112
45%
121 兵庫県 魚崎 39610
45%
164 大阪府 今里 32268
45%
72 大阪府 住道 55168
44%
80 大阪府 長堀橋 50126
44%
127 大阪府 千里丘 38768
43%
128 兵庫県 摂津本山 38422
43%
145 滋賀県 瀬田 34294
43%
153 大阪府 近鉄八尾 33208
43%
119 大阪府 岸辺 39978
41%
126 大阪府 石橋阪大前 38806
41%
170 大阪府 鴫野 31445
41%
133 大阪府 東三国 36365
40%
151 京都府 東福寺 33690
40%
149 大阪府 河内長野 33744
39%
158 大阪府 南方 33040
39%
102 大阪府 大阪天満宮 44028
38%
152 兵庫県 大久保 33296
38%
123 京都府 西院 39246
37%
137 京都府 六地蔵 35484
37%
63 大阪府 肥後橋 62149
36%
101 大阪府 香里園 44082
36%
122 大阪府 山田 39316
36%
95 兵庫県 武庫之荘 45114
35%
162 大阪府 四条畷 32356
35%
172 大阪府 和泉府中 31002
35%
109 大阪府 上新庄 42091
32%
93 兵庫県 板宿 46010
27%
112 大阪府 平野 41031
27%
141 大阪府 桃山台 34900
27%
161 大阪府 藤井寺 32714
27%
113 兵庫県 西神中央 41026
26%
138 兵庫県 谷上 35176
26%
167 大阪府 都島 31965
26%
157 大阪府 和泉中央 33095
24%
169 兵庫県 芦屋川 31625
23%
96 兵庫県 名谷 45056
17%
144 兵庫県 深江 34372
15%
139 大阪府 泉ヶ丘 35145
14%
154 兵庫県 学園都市 33186
10%
111 大阪府 我孫子前 41340
6%
No matching quizzes found
Score Distribution
Percent of People with Each Score
Percentile by Number Answered
Your Score History
You have not taken this quiz